LEADER 01004nam0 22002291i 450 001 UON00097013 005 20231205102537.649 100 $a20020107d1987 |0itac50 ba 101 $aita 102 $aIT 105 $a|||| ||||| 200 1 $aArcheologia in Campania. Incontri di lavoro per la tutela e la valorizzazione del patrimonio storico-archeologico 210 $aNapoli$cMuseo Archeologico Nazionale $d1987 215 $a204 p.$ctav.$d23 cm 620 $aIT$dNapoli$3UONL000012 710 02$aMuseo Archeologico Nazionale$cNapoli$3UONV046407$0183518 801 $aIT$bSOL$c20240220$gRICA 899 $aSIBA - SISTEMA BIBLIOTECARIO DI ATENEO$2UONSI 912 $aUON00097013 950 $aSIBA - SISTEMA BIBLIOTECARIO DI ATENEO$dSI N 2 CAMPANIA 010 $eSI MC 11063 5 996 $aArcheologia in Campania. Incontri di lavoro per la tutela e la valorizzazione del patrimonio storico-archeologico$91303721 997 $aUNIOR LEADER 01182nam0 22002891i 450 001 UON00094485 005 20231205102526.268 010 $a01-981433-3-8 100 $a20020107d2005 |0itac50 ba 101 $agrc 102 $aGB 105 $a|||| ||||| 200 1 $aPoetae melici graeci$eAlcmanis, Stesichori, Ibyci, Anacreontis, Simonidis, Corinnae, poetarum minorum reliquias$eCarmina popularia et convivialia quaeque adespota feruntur $fedidit D. L. Page 205 $aReprint 210 $aOxford$cClarendon Press$dstampa 2005 215 $axi, 623 p.$d22 cm 606 $aPoesia greca$3UONC025611$2FI 620 $aGB$dOxford$3UONL000029 676 $a881$cPoesia greca classica$v21 702 1$aPAGE$bDenys L.$3UONV063437 712 $aClarendon Press$3UONV246509$4650 801 $aIT$bSOL$c20260116$gRICA 899 $aSIBA - SISTEMA BIBLIOTECARIO DI ATENEO E ARCHIVIO STORICO$2UONSI 912 $aUON00094485 950 $aSIBA - SISTEMA BIBLIOTECARIO DI ATENEO E ARCHIVIO STORICO$dSI T 1 LYR 0410 $eSI MC 31540 7 996 $aPoetae Melici Graeci$9556423 997 $aUNIOR